[Event "Third"]
[Site "http://www.queenalice.com/game.php?id=801871"]
[Date "2010.7.11"]
[Round "1"]
[White "acm_chessmaster"]
[Black "ChakaZoi"]
[Result "0-1"]
[WhiteElo "1799"]
[BlackElo "1930"]

1. d4 d5 2. c4 c6 3. Nf3 e6 4. e3 Bd6 5. c5 Be7 6. Bd3 b6 7. Nc3 bxc5 8. dxc5
Bxc5 9. a3 Ba6 10. b4 Bxd3 11. Qxd3 Bd6 12. Bb2 c5 13. Nb5 c4 14. Qd4 Nf6 15.
Qh4 Be7 16. Qd4 Ne4 17. Qxg7 Rf8 18. Qxh7 Bf6 19. Bxf6 Qxf6 20. O-O Na6 21. Qh4
Qxh4 22. Nxh4 Kd7 23. Nf3 f6 24. Nbd4 Nc7 25. b5 e5 26. Ne2 Nxb5 27. a4 Nbc3 28.
Nxc3 Nxc3 29. Ra3 Ne2+ 30. Kh1 Rfc8 31. Re1 c3 32. g3 e4 33. Nd4 Nxd4 34. exd4
Rab8 35. Rc1 c2 36. Raa1 Rb4 37. h4 Rxd4 38. Kg2 Rd2 39. Kf1 d4 40. Ke1 e3 41.
fxe3 dxe3 42. Ra3 Rc4 43. Ra2 Rh2 44. Raa1 Rg4 45. Kf1 Rxg3 46. a5 Rf2+ 47. Ke1
Rg1# 0-1

[Event "Third"]
[Site "http://www.queenalice.com/game.php?id=814516"]
[Date "2010.8.7"]
[Round "2"]
[White "ChakaZoi"]
[Black "rodriw02"]
[Result "1-0"]
[WhiteElo "1951"]
[BlackElo "1519"]

1. e4 e5 2. Nf3 Nc6 3. Bb5 a6 4. Bxc6 dxc6 5. O-O f6 6. d4 Qe7 7. Nc3 Qd7 8.
dxe5 Qg4 9. Qd3 Qg6 10. Bf4 Bh3 11. Nh4 Qg4 12. Bg3 Rd8 13. gxh3 Qxh3 14. Qc4
Qd7 15. Rad1 Qe7 16. Nf5 b5 17. Qxc6+ Rd7 18. e6 Qxe6 19. Qxe6+ Re7 20. Nxe7
Bxe7 21. Rd7 b4 22. Rfd1 Kf8 23. Rxc7 bxc3 24. Rc8+ Bd8 25. Rcxd8# 1-0

[Event "Net X Tab"]
[Site "http://www.queenalice.com/game.php?id=814521"]
[Date "2010.8.7"]
[Round "-"]
[White "ChakaZoi"]
[Black "acm_chessmaster"]
[Result "1-0"]
[WhiteElo "1941"]
[BlackElo "1788"]

1. e4 e5 2. f4 exf4 3. Nc3 Nc6 4. d4 Bb4 5. Bxf4 Bxc3+ 6. bxc3 Nf6 7. Bd3 d6 8.
Ne2 d5 9. Ng3 dxe4 10. Nxe4 Nxe4 11. Bxe4 Ne7 12. O-O Ng6 13. Bc1 O-O 14. Ba3
Re8 15. Qf3 Qd7 16. Bd5 Nh8 17. Rf2 c6 18. Bc4 b5 19. Bxb5 Bb7 20. Bd3 c5 21.
Qh3 Qxh3 22. gxh3 cxd4 23. cxd4 Rad8 24. Bc5 a6 25. Rb1 Bd5 26. a4 a5 27. Bb5
Rb8 28. Bd6 Rxb5 29. axb5 a4 30. b6 f6 31. b7 Bxb7 32. Rxb7 Ra8 33. Rb8+ Rxb8
34. Bxb8 a3 35. c4 Nf7 36. Ra2 Nd8 37. Rxa3 Nc6 38. Ba7 Nxa7 39. Rxa7 h6 40. c5
Kh7 41. c6 Kg6 42. c7 Kh5 43. c8=Q g6 44. Qg4# 1-0

[Event "Tente outra vez..."]
[Site "http://www.queenalice.com/game.php?id=822190"]
[Date "2010.8.23"]
[Round "-"]
[White "ChakaZoi"]
[Black "acm_chessmaster"]
[Result "1-0"]
[WhiteElo "1953"]
[BlackElo "1852"]

1. e4 e5 2. d4 exd4 3. Qxd4 Nc6 4. Qe3 d6 5. Bb5 Bd7 6. Nf3 Ne5 7. Bxd7+ Nxd7 8.
Nc3 c6 9. Bd2 Be7 10. e5 dxe5 11. Nxe5 Ngf6 12. Ne4 Nxe4 13. Qxe4 Nf6 14. Nxc6
Nxe4 15. Nxd8 Nxd2 16. Nxb7 Nc4 17. O-O-O O-O 18. g3 Rab8 19. Rd7 Bg5+ 20. f4
Bf6 21. b3 Nb6 22. Rc7 Rbc8 23. Rxc8 Rxc8 24. c4 a5 25. Nxa5 Ra8 26. b4 Be7 27.
a3 Nxc4 28. Nxc4 Rc8 29. Re1 Rxc4+ 30. Kd2 Rc7 31. Rb1 g6 32. Kd3 Ra7 33. Rb3 h5
34. Kc4 Bf6 35. Kb5 Rc7 36. a4 Kf8 37. a5 Ke8 38. f5 g5 39. h3 Be5 40. Re3 f6
41. a6 Kd7 42. Rd3+ Kc8 43. Kb6 Rc4 44. a7 Rxb4+ 45. Ka5 Kb7 46. Rd7+ Ka8 47.
Kxb4 Bxg3 48. Kb5 Bf2 49. Ka6 Bxa7 50. Rd8+ Bb8 51. Rf8 g4 52. hxg4 hxg4 53.
Rxf6 g3 54. Rg6 Bc7 55. f6 Bd6 56. Rg8+ Bb8 57. f7 g2 58. f8=Q g1=Q 59. Qxb8#
1-0

[Event "Será que vou perder de novo???"]
[Site "http://www.queenalice.com/game.php?id=834443"]
[Date "2010.9.18"]
[Round "-"]
[White "acm_chessmaster"]
[Black "ChakaZoi"]
[Result "0-1"]
[WhiteElo "1815"]
[BlackElo "1967"]

1. e4 e5 2. Nf3 Nc6 3. Bc4 Nh6 4. d3 f6 5. O-O Nd4 6. Nxd4 exd4 7. Qh5+ g6 8.
Qd5 c5 9. Bxh6 Qe7 10. Bd2 Qe6 11. c3 Qxd5 12. exd5 d6 13. cxd4 cxd4 14. Re1+
Be7 15. Re4 f5 16. Bb5+ Bd7 17. Bxd7+ Kxd7 18. Rxd4 Rac8 19. Ra4 Rc2 20. Rxa7
Rhc8 21. Rxb7+ Ke8 22. Be1 Bg5 23. Na3 Rc1 24. Rb1 Rxb1 25. Nxb1 Rc1 26. Kf1
Rxb1 27. Ke2 Rc1 28. d4 Rc2+ 29. Kd3 Rc1 30. Bb4 Rd1+ 31. Kc4 Bf6 32. Bxd6 Rxd4+
33. Kb3 Rxd5 34. Bf4 g5 35. Be3 f4 36. Kc4 fxe3 37. Kxd5 exf2 38. Rb8+ Kf7 39.
Rb7+ Kg6 40. h4 gxh4 41. Ke6 f1=Q 42. Kd7 Qxg2 43. Rc7 Be5 44. Ra7 Qd5+ 45. Ke8
Kf6 46. Ra6+ Bd6 47. Kd8 Ke6 48. b3 Qb7 49. Rxd6+ Kxd6 50. Ke8 Qe7# 0-1

[Event "Chega.... agora eu quero ver..."]
[Site "http://www.queenalice.com/game.php?id=835619"]
[Date "2010.9.21"]
[Round "-"]
[White "ChakaZoi"]
[Black "acm_chessmaster"]
[Result "0-1"]
[WhiteElo "1977"]
[BlackElo "1829"]

1. d4 d5 2. Nc3 Nf6 3. e3 e6 4. a3 c5 5. Bb5+ Bd7 6. a4 a6 7. Bxd7+ Nbxd7 8. b3
b5 9. a5 b4 10. Nce2 Nb8 11. Nf3 Nc6 12. O-O Nxa5 13. Ne5 Nd7 14. Nxd7 Kxd7 15.
Nf4 c4 16. Qh5 g6 17. Qg4 f5 18. Qg3 Bd6 19. Qh3 cxb3 20. Qh6 bxc2 21. Qg7+ Be7
22. Qf7 Nb3 23. Qxe6+ Ke8 24. Qc6+ Kf7 25. Qe6+ Ke8 26. Rxa6 Rxa6 27. Qxa6 Nxc1
28. Qb5+ Kf7 29. Qxd5+ Qxd5 30. Nxd5 Ne2+ 31. Kh1 c1=R 32. Rxc1 Nxc1 33. h4 Bxh4
34. g3 Bf6 35. Nxb4 Rb8 36. Nc6 Rb1 37. Ne5+ Bxe5 38. dxe5 Nd3+ 39. Kg2 Nxe5 40.
f4 Rb2+ 41. Kh3 Nf3 42. g4 fxg4+ 43. Kxg4 Ng1 44. f5 gxf5+ 45. Kxf5 Rb4 46. e4
Nf3 47. e5 h5 48. e6+ Ke7 49. Kg6 Kxe6 50. Kxh5 Kf6 51. Kh6 Rh4# 0-1

[Event "Vou tentar dinovo. até acostuma"]
[Site "http://www.queenalice.com/game.php?id=835687"]
[Date "2010.9.21"]
[Round "-"]
[White "ChakaZoi"]
[Black "acm_chessmaster"]
[Result "0-1"]
[WhiteElo "1955"]
[BlackElo "1873"]

1. e4 e5 2. Nf3 Nc6 3. Bb5 d6 4. Bxc6+ bxc6 5. d4 Bg4 6. Bg5 Bxf3 7. Qxf3 Qxg5
8. O-O Qf6 9. Qc3 c5 10. dxc5 dxc5 11. b4 cxb4 12. Qxc7 Qd6 13. Qa5 Qc5 14. Qa4+
Ke7 15. a3 a5 16. axb4 Qxb4 17. Qxb4+ axb4 18. Rxa8 Nf6 19. Nd2 g6 20. f4 exf4
21. Nc4 Nxe4 22. Re1 f5 23. Ra7+ Kf6 24. Ra6+ Kg5 25. Ra8 Bc5+ 26. Kf1 Rxa8 27.
g3 f3 28. Ne3 Bxe3 29. Rxe3 Ra1+ 30. Re1 Rxe1+ 31. Kxe1 f2+ 32. Kf1 Kg4 33. h4
Kf3 34. g4 Nd2# 0-1

[Event "ta dificil nessa balada heim..."]
[Site "http://www.queenalice.com/game.php?id=837316"]
[Date "2010.9.24"]
[Round "-"]
[White "ChakaZoi"]
[Black "acm_chessmaster"]
[Result "1-0"]
[WhiteElo "1936"]
[BlackElo "1847"]

1. d4 d5 2. c4 e6 3. Nf3 Nc6 4. Nc3 Bb4 5. a3 Bxc3+ 6. bxc3 Nf6 7. e3 dxc4 8.
Bxc4 Ne4 9. Bd3 Nxc3 10. Qc2 Nd5 11. O-O g6 12. e4 Nb6 13. Bh6 Nxd4 14. Nxd4
Qxd4 15. Qxc7 Qd7 16. Qe5 Qe7 17. Bb5+ Kd8 18. Qxh8+ Kc7 19. Rac1+ Kd6 20. Rfd1+
1-0

[Event "tive sorte... vamo de novo"]
[Site "http://www.queenalice.com/game.php?id=840657"]
[Date "2010.10.2"]
[Round "-"]
[White "ChakaZoi"]
[Black "acm_chessmaster"]
[Result "0-1"]
[WhiteElo "1950"]
[BlackElo "1822"]

1. d4 d5 2. c4 e6 3. Nc3 c6 4. Nf3 Nf6 5. e3 Bb4 6. Bd3 a6 7. Qa4 Bxc3+ 8. bxc3
Bd7 9. Ne5 h6 10. c5 O-O 11. O-O Be8 12. Rb1 Qc7 13. c4 Nbd7 14. Bd2 Nxe5 15.
dxe5 Nd7 16. f4 Nxc5 17. Ba5 Qc8 18. Qa3 Nxd3 19. Qxd3 Bd7 20. Bb4 Re8 21. c5
Rb8 22. Ba5 Re7 23. Rf3 Qf8 24. g4 Be8 25. Rh3 f5 26. g5 h5 27. Rh4 g6 28. Rb4
Rh7 29. Qd4 Qe7 30. Rb6 Qc7 31. a4 Qe7 32. Kf2 Bd7 33. Kg3 Bc8 34. Kf2 Qd7 35.
Kg3 Qe7 36. Kg2 Qf8 37. Kf2 Qe7 38. Rb1 Kf8 39. Qc3 Kg8 40. Qc2 Ra8 41. Kg1 Kf8
42. Rh3 Kg8 43. Rf3 Qf8 44. Kh1 Qe7 45. Kg2 Kf8 46. Rb3 Kg8 47. h4 Kf8 48. Rf1
Kg8 49. Rd1 Kf8 50. Kg3 Rg7 51. Kh3 Rf7 52. Rc1 Kg7 53. Kg2 Rb8 54. Rd1 Qf8 55.
Be1 Qd8 56. Rb6 Rd7 57. a5 Qf8 58. Rd4 Qe7 59. Qc1 Qf8 60. Rd2 Qe7 61. Bg3 Qf8
62. e4 fxe4 63. Qc3 Kh7 64. Rb3 Ra8 65. Qe3 Rg7 66. Bf2 Qf5 67. Qg3 Qf8 68. Be3
Qd8 69. Rb6 Rf7 70. Qf2 Qc7 71. Rd1 Rf5 72. Qa2 Bd7 73. Kf1 Raf8 74. Qb2 Bc8 75.
Ke2 Qe7 76. Rb4 Qf7 77. Rb6 Qe7 78. Rb3 R8f7 79. Rb4 Qc7 80. Rb6 Qe7 81. Rg1 Qc7
82. Qb3 Qe7 83. Qd3 exd3+ 84. Kxd3 Qf8 85. Rb4 Rxf4 86. Rxf4 Rxf4 87. Bxf4 Qxf4
88. Rg4 Qxg4 89. Ke3 Qxh4 90. Kf3 Qxg5 0-1

[Event "17 x 0: Vamos virar!!"]
[Site "http://www.queenalice.com/game.php?id=843062"]
[Date "2010.10.7"]
[Round "-"]
[White "McKubik"]
[Black "ChakaZoi"]
[Result "0-1"]
[WhiteElo "1344"]
[BlackElo "1948"]

1. e4 d5 2. Qe2 e5 3. Nf3 Nc6 4. Nc3 Nf6 5. b3 Nb4 6. Nxe5 Nxc2+ 7. Kd1 Nxa1 8.
Qb5+ Nd7 9. Qxd5 Qe7 10. d4 Nxe5 11. dxe5 c6 12. Qc4 Bg4+ 13. f3 Rd8+ 14. Ke2
Be6 15. Qa4 Qc7 16. Bg5 f6 17. Bf4 Qd7 18. Kf2 Bc5+ 19. Kg3 g5 20. Bc1 Qc7 21.
Bc4 Qxe5+ 22. Bf4 Qxf4# 0-1

[Event "Challenge"]
[Site "http://www.queenalice.com/game.php?id=846246"]
[Date "2010.10.15"]
[Round "-"]
[White "ChakaZoi"]
[Black "McKubik"]
[Result "1-0"]
[WhiteElo "1929"]
[BlackElo "1325"]

1. e4 e5 2. d4 exd4 3. Qxd4 Qe7 4. e5 Nc6 5. Qe3 d6 6. exd6 cxd6 7. Nf3 Nf6 8.
Bb5 Ng4 9. Qxe7+ Bxe7 10. Nc3 Bd7 11. Nd5 O-O 12. Nxe7+ Nxe7 13. Bxd7 Nd5 14.
Bxg4 Rfe8+ 15. Be3 Nxe3 16. fxe3 Rxe3+ 17. Kf2 Rae8 18. Rhe1 Rxe1 19. Nxe1 f6
20. c4 g6 21. b4 h5 22. Bd7 Re7 23. Bc8 b6 24. Nd3 Re8 25. Bd7 Re7 26. Bc6 f5
27. Bd5+ Kg7 28. Re1 Rc7 29. Nf4 Kh6 30. h4 Rg7 31. Kg3 g5 32. Re6+ Kh7 33. Nxh5
f4+ 34. Kg4 Rg8 35. Re7+ Kh6 36. Bxg8 a5 37. Re6# 1-0

[Event "Challenge"]
[Site "http://www.queenalice.com/game.php?id=851477"]
[Date "2010.10.28"]
[Round "-"]
[White "McKubik"]
[Black "ChakaZoi"]
[Result "1-0"]
[WhiteElo "1378"]
[BlackElo "1931"]

1. e4 d5 2. Nc3 Nf6 3. Nf3 Bg4 4. h3 Bxf3 5. Qxf3 e5 6. Bb5+ c6 7. Ba4 Nbd7 8.
d3 d4 9. Ne2 Qa5+ 10. c3 Qxa4 11. O-O c5 12. b3 Qa6 13. a4 b5 14. Bg5 b4 15.
cxb4 cxb4 16. Rac1 h6 17. Bh4 g5 18. Bg3 h5 19. Qf5 Bh6 20. Rc7 O-O 21. Bxe5 Qa5
22. Rb7 Qxe5 23. Qxe5 Nxe5 24. Nxd4 Nxd3 25. g4 h4 26. Nf5 Bg7 27. Ne7+ Kh7 28.
f3 Rfe8 29. Rd1 Nc5 30. Rc7 Nxb3 31. e5 Rad8 32. Rb1 Rd3 33. exf6 Bxf6 34. Nf5
Nd2 35. Rxf7+ Kg6 36. Rxa7 Nxf3+ 37. Kf1 Nd2+ 38. Kf2 Nxb1 39. Rg7+ Bxg7 40.
Nxg7 Kxg7 41. Kf1 Nd2+ 42. Kf2 Rf3+ 43. Kg2 b3 44. a5 b2 45. a6 1-0

[Event "Teste YouTube"]
[Site "http://www.queenalice.com/game.php?id=851991"]
[Date "2010.10.29"]
[Round "-"]
[White "acm_chessmaster"]
[Black "ChakaZoi"]
[Result "0-1"]
[WhiteElo "1771"]
[BlackElo "1903"]

1. e4 c6 2. d4 d5 3. Nc3 dxe4 4. Nxe4 Nf6 5. Nxf6+ exf6 6. Qe2+ Be7 7. Qd3 O-O
8. c3 Qd5 9. Qf3 Bf5 10. Qxd5 cxd5 11. Nf3 Re8 12. Be2 Bd6 13. Be3 Nc6 14. O-O
Rad8 15. Rfe1 Ne7 16. Bb5 Bd7 17. a4 a6 18. Bxd7 Rxd7 19. g3 Ng6 20. Re2 Rc7 21.
Rae1 Rc4 22. Ra1 Rcc8 23. Kf1 Re4 24. Nd2 Re6 25. Nf3 f5 26. Bd2 Re4 27. Rae1 f6
28. Be3 b6 29. Nd2 Re7 30. f3 f4 31. Bf2 f5 32. Kg2 Rxe2 33. Rxe2 Kf7 34. Re1 h5
35. Re2 fxg3 36. hxg3 h4 37. f4 hxg3 38. Be3 Re8 39. Kxg3 Nxf4 40. Rh2 Nh3+ 41.
Kxh3 Rxe3+ 42. Nf3 Bxh2 43. Kxh2 Rxf3 44. Kg2 Rd3 45. Kf2 Rd2+ 46. Ke1 Rxb2 0-1

[Event "Challenge"]
[Site "http://www.queenalice.com/game.php?id=860664"]
[Date "2010.11.18"]
[Round "-"]
[White "acm_chessmaster"]
[Black "ChakaZoi"]
[Result "1-0"]
[WhiteElo "1726"]
[BlackElo "1914"]

1. e4 d5 2. e5 d4 3. d3 e6 4. c3 Nc6 5. Nf3 Nge7 6. Bf4 Ng6 7. Bg3 Be7 8. Be2 f5
9. h3 f4 10. Bh2 O-O 11. Nbd2 Ncxe5 12. Nxd4 c5 13. N4b3 Nxd3+ 14. Bxd3 Qxd3 15.
Nf3 Qe4+ 16. Qe2 Qxe2+ 17. Kxe2 b6 18. Rhd1 Ba6+ 19. Ke1 e5 20. Nbd2 Bd3 21. b3
e4 22. Ng1 Nh4 23. Nc4 Nxg2+ 24. Kd2 1-0

[Event "E agora..."]
[Site "http://www.queenalice.com/game.php?id=870099"]
[Date "2010.12.10"]
[Round "-"]
[White "ChakaZoi"]
[Black "acm_chessmaster"]
[Result "1-0"]
[WhiteElo "1890"]
[BlackElo "1748"]

1. e4 e5 2. Nf3 Nc6 3. Nc3 Nf6 4. d4 exd4 5. Nxd4 Nxd4 6. Qxd4 Be7 7. e5 Ng8 8.
Be3 f6 9. O-O-O Nh6 10. Bxh6 gxh6 11. Bc4 fxe5 12. Qxe5 Rf8 13. Qh5+ Rf7 14.
Qxf7# 1-0

[Event "Challenge"]
[Site "http://www.queenalice.com/game.php?id=871526"]
[Date "2010.12.13"]
[Round "-"]
[White "McKubik"]
[Black "ChakaZoi"]
[Result "0-1"]
[WhiteElo "1387"]
[BlackElo "1900"]

1. e4 e5 2. Nf3 Nc6 3. Nc3 Nf6 4. Bb5 Bb4 5. O-O O-O 6. Nd5 Nxd5 7. exd5 e4 8.
dxc6 dxc6 9. Ne5 cxb5 10. Qe2 Qd5 11. Ng4 Bd6 12. d3 exd3 13. cxd3 Bd7 14. f3
Rae8 15. Ne3 Rxe3 16. Qxe3 Bc5 17. d4 Bxd4 18. Qxd4 Qxd4+ 19. Kh1 Re8 20. Bg5 h6
21. Bf4 Qxf4 22. Rad1 Re5 23. Kg1 Rh5 24. Kf2 Qh4+ 25. Ke2 Re5+ 26. Kd3 Bf5+ 27.
Kc3 Qc4+ 28. Kd2 Qc2# 0-1

[Event "Challenge"]
[Site "http://www.queenalice.com/game.php?id=874238"]
[Date "2010.12.20"]
[Round "-"]
[White "ChakaZoi"]
[Black "dhiratsuka"]
[Result "1-0"]
[WhiteElo "1902"]
[BlackElo "1584"]

1. d4 d5 2. Nc3 c6 3. e4 dxe4 4. Nxe4 Bf5 5. Qd3 e6 6. Ne2 c5 7. dxc5 Qxd3 8.
cxd3 Bxe4 9. dxe4 Bxc5 10. Bf4 Nf6 11. Nc3 Ng4 12. Be2 Nxf2 13. Rf1 f5 14. exf5
exf5 15. Nd5 O-O 16. Nc7 Nc6 17. Nxa8 Rxa8 18. Rxf2 Bxf2+ 19. Kxf2 Re8 20. Bc4+
Kh8 21. Bd5 Ne5 22. Bxb7 Nd3+ 23. Kf3 Ne1+ 24. Kg3 h6 25. Rd1 g5 26. Bd2 f4+ 27.
Kf2 Nd3+ 28. Kg1 h5 29. Bc3+ Kh7 30. Rxd3 g4 31. Rd7+ Kg6 32. Bd5 g3 33. Bf7+
Kg5 34. Bxe8 gxh2+ 35. Kxh2 Kg4 36. Rd5 f3 37. g3 f2 38. Bxh5# 1-0

[Event "Challenge"]
[Site "http://www.queenalice.com/game.php?id=877279"]
[Date "2010.12.27"]
[Round "-"]
[White "malouco"]
[Black "ChakaZoi"]
[Result "0-1"]
[WhiteElo "1304"]
[BlackElo "1905"]

1. e4 d5 2. e5 e6 3. d4 Nc6 4. c3 f6 5. Bb5 a6 6. Bxc6+ bxc6 7. Nf3 Ne7 8. exf6
gxf6 9. O-O c5 10. Qa4+ Bd7 11. Qc2 Bg7 12. dxc5 e5 13. c4 d4 14. Nbd2 O-O 15.
Ne4 f5 16. Neg5 e4 17. Nd2 Nc6 18. Nh3 d3 19. Qd1 Qh4 20. a3 Nd4 21. b4 Ne2+ 22.
Kh1 Bxa1 23. f3 Rae8 24. fxe4 fxe4 25. Nb3 Bxh3 26. Rxf8+ Rxf8 27. Nxa1 Qf2 28.
gxh3 Qf3# 0-1

[Event "Challenge"]
[Site "http://www.queenalice.com/game.php?id=905040"]
[Date "2011.2.24"]
[Round "-"]
[White "McKubik"]
[Black "ChakaZoi"]
[Result "0-1"]
[WhiteElo "1481"]
[BlackElo "1907"]

1. e4 d5 2. Nc3 d4 3. Nb5 a6 4. Na3 Nc6 5. g3 e5 6. h4 Nf6 7. d3 Bxa3 8. bxa3
O-O 9. Bh3 Bxh3 10. Nxh3 b5 11. c4 dxc3 12. Qb3 Qxd3 13. Ng1 Nd4 0-1

[Event "Challenge"]
[Site "http://www.queenalice.com/game.php?id=913218"]
[Date "2011.3.16"]
[Round "-"]
[White "ChakaZoi"]
[Black "McKubik"]
[Result "1-0"]
[WhiteElo "1909"]
[BlackElo "1453"]

1. e4 e5 2. Nf3 Nc6 3. Bb5 Nf6 4. Bxc6 bxc6 5. Nxe5 Nxe4 6. Qf3 f6 7. Qxe4 fxe5
8. Qxe5+ Be7 9. Qxg7 Bf6 10. Qh6 Qe7+ 11. Qe3 Ba6 12. d3 O-O-O 13. Qxe7 Bxe7 14.
O-O Rdf8 15. Bh6 Rf6 16. Bg7 Rff8 17. Bxh8 Bd6 18. Bc3 Rf5 19. Nd2 h5 20. Rae1
Kb7 21. Ne4 Bf4 22. Nc5+ Rxc5 23. Re7 h4 24. Rxd7 Rg5 25. Rh7 Rg4 26. Re1 Kb6
27. Re4 Bc8 28. h3 Rg5 29. Rxf4 Be6 30. Rhxh4 Re5 31. Bxe5 Bd5 32. Rb4+ Kc5 33.
a3 a5 34. d4# 1-0

[Event "Challenge"]
[Site "http://www.queenalice.com/game.php?id=918886"]
[Date "2011.3.29"]
[Round "-"]
[White "McKubik"]
[Black "ChakaZoi"]
[Result "0-1"]
[WhiteElo "1427"]
[BlackElo "1911"]

1. e4 e5 2. Nf3 Nc6 3. Nc3 Nf6 4. Bb5 Bb4 5. O-O O-O 6. a3 Bxc3 7. Bxc6 a6 8.
Ba4 Ba5 9. b4 b5 10. Bxb5 axb5 11. bxa5 d6 12. Bb2 Nxe4 13. Qe2 Bb7 14. d3 Ng5
15. h3 Bxf3 16. gxf3 Nxh3+ 17. Kg2 Nf4+ 18. Kh2 Qg5 19. Rg1 Qh4# 0-1

[Event "Challenge"]
[Site "http://www.queenalice.com/game.php?id=931917"]
[Date "2011.4.29"]
[Round "-"]
[White "ChakaZoi"]
[Black "acm_chessmaster"]
[Result "1-0"]
[WhiteElo "1913"]
[BlackElo "1735"]

1. e4 e5 2. Nf3 Nc6 3. Bb5 Nge7 4. d3 d6 5. Nc3 Bd7 6. a4 a6 7. Bc4 Na5 8. Ba2
Nac6 9. Ng5 Be6 10. Nxe6 fxe6 11. Bxe6 Ng6 12. O-O Qf6 13. Nd5 Qd8 14. Qf3 Nf4
15. Bxf4 exf4 16. Qxf4 Ne5 17. d4 Be7 18. dxe5 Rf8 19. Qg4 g6 20. Rad1 c6 21.
Nf4 Qb6 22. Nxg6 hxg6 23. Qxg6+ Kd8 24. exd6 Bh4 25. e5 Qc5 26. Qg7 Bxf2+ 27.
Kh1 Qxd6 28. Rxd6+ Ke8 29. Qd7# 1-0